00553 2200229 4500001002100000005001500021008004100036020002200077035001900099041000700118082001000125090001600135100001600151245002700167250000600194260002100200300002300221500000600244650002500250990002300275990002500298INLIS00000000000623820241224113243241224||||||||| | ||| |||| || |  a978-979-534-848-1 0010-1224006238 aen0 a574.8 a574.8 BOB e0 aJmes Bobick00aEnsiklopedia Biologi 4 a1 bPakar Rayac2014 avii,136 hlm,;25 cm a1 0aEnsiklopedia Biologi a05.17.01.01.04.001 a05.17.01.01.0104.001